Album mexicano (Record no. 4007)
[ view plain ]
| 000 -CABECERA | |
|---|---|
| campo de control de longitud fija | 00945nam a2200229 a 4500 |
| 001 - NÚMERO DE CONTROL | |
| campo de control | BRCA_4296 |
| 005 - FECHA Y HORA DE LA ÚLTIMA TRANSACCIÓN | |
| campo de control | 20190320204622.0 |
| 008 - DATOS DE LONGITUD FIJA--INFORMACIÓN GENERAL | |
| campo de control de longitud fija | 810213r18001983mx-ah#####---#000-0#spa-# |
| 041 ## - CÓDIGO DE LENGUA | |
| Código de lengua del texto/banda sonora o título independiente | spa |
| 044 ## - CÓDIGO DEL PAÍS DE LA ENTIDAD EDITORA/PRODUCTORA | |
| Código MARC del país | mx |
| 050 #4 - SIGNATURA TOPOGRÁFICA DE LA BIBLIOTECA DEL CONGRESO | |
| Número de clasificación | F1215 |
| Número de documento/Ítem | .A43 1983 |
| 245 10 - MENCIÓN DE TÍTULO | |
| Título | Album mexicano |
| Resto del título | colección de paisajes, monumentos, costumbres y ciudades principales de la república |
| Mención de responsabilidad, etc. | litografiadas por C. Castro ... [et al.] ; introducción Graciela Romandía de Cantú. |
| 260 ## - PUBLICACIÓN, DISTRIBUCIÓN, ETC. | |
| Lugar de publicación, distribución, etc. | México |
| Nombre del editor, distribuidor, etc. | Celanese Mexicana |
| Fecha de publicación, distribución, etc. | 1983 |
| 300 ## - DESCRIPCIÓN FÍSICA | |
| Extensión | 7 p. |
| Otras características físicas | il. a color, 25 láminas |
| Dimensiones | 45 cm. |
| 500 ## - NOTA GENERAL | |
| Nota general | Facsímil de: Album Mexicano. Antigua Litografia Debray Sucs., C. Montauriol. [1800] |
| 500 ## - NOTA GENERAL | |
| Nota general | Por su formato NO se presta a domicilio |
| 651 #4 - PUNTO DE ACCESO ADICIONAL DE MATERIA--NOMBRE GEOGRÁFICO | |
| Nombre geográfico | México |
| Subdivisión general | Vida social y costumbres |
| Subdivisión cronológica | Siglo XIX |
| 9 (RLIN) | 11047 |
| 651 #4 - PUNTO DE ACCESO ADICIONAL DE MATERIA--NOMBRE GEOGRÁFICO | |
| Nombre geográfico | México |
| Subdivisión general | Edificios, estructuras, etc. |
| Subdivisión cronológica | Siglo XIX |
| 9 (RLIN) | 11048 |
| 700 1# - PUNTO DE ACCESO ADICIONAL--NOMBRE DE PERSONA | |
| Nombre de persona | Castro, C. |
| 9 (RLIN) | 11049 |
| 700 1# - PUNTO DE ACCESO ADICIONAL--NOMBRE DE PERSONA | |
| Nombre de persona | Romandía de Cantú, Graciela |
| 9 (RLIN) | 817 |
| 942 ## - ELEMENTOS DE PUNTO DE ACCESO ADICIONAL (KOHA) | |
| Fuente del sistema de clasificación o colocación | Library of Congress Classification |
| Tipo de ítem Koha | Libros |
| Estado de retiro | Estado de pérdida | Estado dañado | No para préstamo | Localización permanente | Ubicación/localización actual | Fecha de adquisición | Total de préstamos | Signatura topográfica completa | Código de barras | Fecha visto por última vez | Precio válido a partir de | Tipo de ítem Koha |
|---|---|---|---|---|---|---|---|---|---|---|---|---|
| El ejemplar forma parte de la colección y puede ser consultado según las políticas vigentes. | Biblioteca del Museo Franz Mayer (Rogerio Casas-Alatriste) | Biblioteca del Museo Franz Mayer (Rogerio Casas-Alatriste) | 23/06/2010 | F1215 .A43 1983 | 00608 | 22/03/2019 | 22/03/2019 | Libros |